书目信息 |
| 题名: |
水工程概预算与技术经济评价
|
|
| 作者: | 王利平 主编 | |
| 分册: | ||
| 出版信息: | 北京 化学工业出版社 2004 |
|
| 页数: | 258页 | |
| 开本: | 26cm | |
| 丛书名: | ||
| 单 册: | ||
| 中图分类: | TU991 | |
| 科图分类: | ||
| 主题词: | 给水工程--shui gong cheng--市政工程--建筑预算定额 , 排水工程--pai shui gong cheng--市政工程--建筑预算定额 , 给水工程--shui gong cheng--市政工程--技术经济--经济评价 , 排水工程--pai shui gong cheng--市政工程--技术经济--经济评价 | |
| 电子资源: | ||
| ISBN: | 7-5025-5233-2 | |
| 000 | 01078nam0 2200265 450 | |
| 001 | 0100001820 | |
| 005 | 20201027103700.21 | |
| 010 | @a7-5025-5233-2@dCNY36.00 | |
| 100 | @a20070914d2004 ekmy0chiy0121 ea | |
| 101 | 0 | @achi |
| 102 | @aCN@b110000 | |
| 105 | @aak a 000yy | |
| 200 | 1 | @a水工程概预算与技术经济评价@Ashui gong cheng gai yu suan yu ji jing ji ping@f王利平主编 |
| 210 | @a北京@c化学工业出版社@c环境科学与工程出版中心@d2004 | |
| 215 | @a258页@c图@d26cm | |
| 320 | @a有书目 (第258页) | |
| 330 | @a本书共分7章。第1章介绍国内外异氰酸酯的发展概况;第2章介绍脂肪族异氰酸酯的合成;第3章介绍芳香族二异氰酸酯的合成;第4章介绍其他结构异氰酸酯合成; | |
| 606 | 0 | @a给水工程@Ashui gong cheng@x市政工程@x建筑预算定额 |
| 606 | 0 | @a排水工程@Apai shui gong cheng@x市政工程@x建筑预算定额 |
| 606 | 0 | @a给水工程@Ashui gong cheng@x市政工程@x技术经济@x经济评价 |
| 606 | 0 | @a排水工程@Apai shui gong cheng@x市政工程@x技术经济@x经济评价 |
| 690 | @aTU991@v4 | |
| 701 | 0 | @a王利平@Awang li ping@4主编 |
| 801 | 0 | @aCN@c20070914 |
| 905 | @b20663949-51@dTU991@eW254@fTU991/W254 | |
| 水工程概预算与技术经济评价/王利平主编.-北京:化学工业出版社:环境科学与工程出版中心,2004 |
| 258页:图;26cm |
| ISBN 7-5025-5233-2:CNY36.00 |
| 本书共分7章。第1章介绍国内外异氰酸酯的发展概况;第2章介绍脂肪族异氰酸酯的合成;第3章介绍芳香族二异氰酸酯的合成;第4章介绍其他结构异氰酸酯合成; |
| ● |
| 相关链接 |
|
|
|
正题名:水工程概预算与技术经济评价
索取号:TU991/W254
 
预约/预借
| 序号 | 登录号 | 条形码 | 馆藏地/架位号 | 状态 | 备注 |
| 1 | 1499412 | 214994121 | 建筑库201/201建筑库 127排1列2层/ [索取号:TU991/W254] | 在馆 | |
| 2 | 663949 | 206639495 | 建筑库201/201建筑库 127排1列2层/ [索取号:TU991/W254] | 在馆 | |
| 3 | 663950 | 206639501 | 建筑库201/201建筑库 127排1列2层/ [索取号:TU991/W254] | 在馆 | |
| 4 | 663951 | 206639510 | 建筑库201/201建筑库 127排1列2层/ [索取号:TU991/W254] | 在馆 |